| 000 | 01092nam a2200253Ia 4500 | ||
|---|---|---|---|
| 999 |
_c52180 _d52180 |
||
| 001 | 19188 | ||
| 003 | GE_BSU | ||
| 005 | 20210329163936.0 | ||
| 008 | 181216s2013||||ge |||||||||||||| ||rus|| | ||
| 040 | _cGE_BSU | ||
| 041 | _arus | ||
| 080 | _a811 Х-52 | ||
| 100 |
_aХитрук, Ольга _910426 |
||
| 245 |
_aВторичные тексты оценочного характера / _cОльга Хитрук; Научн. руков. М. Арошидзе; Батумский гос. ун-т им. Шота Руставели. Департамент славистики. |
||
| 264 |
_aБатуми : _bБатумский гос. ун-т им. Ш. Руставели, _c2013. |
||
| 300 |
_a124 стр. ; _b30 см. |
||
| 653 | _aВторичные тексты оценочного характера | ||
| 653 | _aЯзыкознание | ||
| 653 | _aდისერტაცია | ||
| 653 | _aენათმეცნიერება | ||
| 653 | _aДиссертация | ||
| 700 |
_aАрошидзе, М. _eНаучн. руководитель _910427 |
||
| 942 |
_cBK _2udc |
||